Central Library OPAC University of Rajshahi

Limnology : (Record no. 65804)

MARC details
000 -LEADER
fixed length control field 00679nam a2200229 a 4500
001 - CONTROL NUMBER
control field 65804
003 - CONTROL NUMBER IDENTIFIER
rucl marc code BD-RjUL
005 - DATE AND TIME OF LATEST TRANSACTION
control field 20211209081451.0
008 - FIXED-LENGTH DATA ELEMENTS--GENERAL INFORMATION
fixed length control field 170312s2001 njua b 001 0 eng d
020 ## - INTERNATIONAL STANDARD BOOK NUMBER
International Standard Book Number 0130337757
035 ## - SYSTEM CONTROL NUMBER
System control number (BD-RjUL)65934
040 ## - CATALOGING SOURCE
Original cataloging agency BD-RjUL
Transcribing agency BD-RjUL
Modifying agency BD-RjUL
Language of cataloging eng
041 ## - LANGUAGE CODE
Language code of text/sound track or separate title eng
082 00 - DEWEY DECIMAL CLASSIFICATION NUMBER
Classification number 577.6
Edition number 23
Author mark and year KAL 2002
100 1# - MAIN ENTRY--PERSONAL NAME
Personal name Kalff, Jacob.
9 (RLIN) 194591
245 10 - TITLE STATEMENT
Title Limnology :
Remainder of title inland water ecosystems /
Statement of responsibility, etc. Jacob Kalff.
260 ## - PUBLICATION, DISTRIBUTION, ETC. (IMPRINT)
Place of publication, distribution, etc. Upper Saddle River, NJ :
Name of publisher, distributor, etc. Prentice Hall,
Date of publication, distribution, etc. c2002.
300 ## - PHYSICAL DESCRIPTION
Pagination xii, 592 p. :
Illustrations ill. ;
Size 27 cm.
504 ## - BIBLIOGRAPHY, ETC. NOTE
Bibliography, etc Includes bibliographical references (p. 539-572).
650 #0 - SUBJECT ADDED ENTRY--TOPICAL TERM
Topical term or geographic name as entry element Limnology.
9 (RLIN) 179713
942 ## - ADDED ENTRY ELEMENTS (KOHA)
Source of classification or shelving scheme Dewey Decimal Classification
Koha item type Books
Holdings
Lost status Source of classification or shelving scheme Damaged status Not for loan Collection code Permanent Location Current Location Shelving location Date acquired Source of acquisition Cost, normal purchase price Total Checkouts Full call number Date last seen Copy number Koha item type
  Dewey Decimal Classification   Not For Loan Non-fiction Central Library, University of Rajshahi Central Library, University of Rajshahi Reading Room 17/04/2008 Dhaka, Paragon Enterprises Ltd. 123.20   577.6 KAL 2002 12/03/2017 C-1 Books